000 01142nam a2200301 i 4500
003 EG-GICUC
005 20260121101730.0
008 260115s1977 ua ||||f |||| 00| 0 ara d
040 _a EG-GICUC
_bara
_c EG-GICUC
_d EG-GICUC
_erda
041 _aara
082 0 4 _221
_a345
_bف ؤ . ق
092 0 4 _221
099 _aLaw1 07 345 ف ؤ . ق 1977
100 0 _aفؤاد العطار
_eمؤلف.
245 1 2 _aالقانون الإداري
_nالجزء الأول ،
_pأصول النظام الإداري وتنظيم الإدارة العامة /
_cد. فؤاد العطار .
264 1 _a[المكان غير محدد] :
_b[الناشر غير محدد] ،
_c1977 .
300 _a640 ؛ صفحة
_c24 سم
336 _2rda content
_atext
337 _2rda media
_aComputer
338 _2rda carrier
_aOnline Resource
504 _a. 640-637 ببليوجرافيا: صفحات.
504 _aيشتمل على إرجاعات ببليوجرافية
650 1 4 _aالقانون الإداري
_2qrmak
651 1 _2qrmak
856 4 0 _uhttps://fll.law.cu.edu.eg/fulltext/bks/B07-01566.pdf
905 _a61
942 _2ddc
_cBK
_e21
_n0
999 _c57267
_d57267